Zmeniť financovanie vodohospodárstva
Protipovodňové opatrenia a ich financovanie. Vznik myšlienky a modelu spolufinancovania vodohospodárskej výstavby. Nová koncepcia slovenskej vodohospodárskej politiky. Výstavba štyroch nových vodných diel (Garajky, Hronček, Tichý potok, Slatinka).
Enregistré dans:
| Auteur principal: | |
|---|---|
| Format: | Chapitre de livre |
| Langue: | slovaque |
| Sujets: | |
| Tags: |
Pas de tags, Soyez le premier à ajouter un tag!
|
MARC
| LEADER | 00000naa$a2200000$$$4500 | ||
|---|---|---|---|
| 001 | 0003882 | ||
| 005 | 20230926070345.3 | ||
| 041 | 0 | |a slo | |
| 044 | |a SK | ||
| 245 | 1 | 0 | |a Zmeniť financovanie vodohospodárstva |c aut. Ivan Polakovič |
| 520 | |a Protipovodňové opatrenia a ich financovanie. Vznik myšlienky a modelu spolufinancovania vodohospodárskej výstavby. Nová koncepcia slovenskej vodohospodárskej politiky. Výstavba štyroch nových vodných diel (Garajky, Hronček, Tichý potok, Slatinka). | ||
| 610 | 2 | 0 | |a vodohospodárstvo |
| 610 | 2 | 0 | |a diela vodné |
| 610 | 2 | 0 | |a voda |
| 610 | 2 | 0 | |a voda povrchová |
| 100 | 1 | |a Polakovič, Ivan | |